রাষ্ট্রীয় সংগঠনের রূপরেখা = an outline of political organisation / (Record no. 37911)
[ view plain ]
| 000 -LEADER | |
|---|---|
| fixed length control field | 01633nam a2200313 a 4500 |
| 001 - CONTROL NUMBER | |
| control field | 37911 |
| 003 - CONTROL NUMBER IDENTIFIER | |
| rucl marc code | BD-RjUL |
| 005 - DATE AND TIME OF LATEST TRANSACTION | |
| control field | 20211209052703.0 |
| 008 - FIXED-LENGTH DATA ELEMENTS--GENERAL INFORMATION | |
| fixed length control field | 150810s1996 bg b 00110 ben |
| 020 ## - INTERNATIONAL STANDARD BOOK NUMBER | |
| International Standard Book Number | 9845160220 |
| Terms of availability | : Tk. 150.00 |
| 035 ## - SYSTEM CONTROL NUMBER | |
| System control number | (BD-RjUL)38016 |
| 040 ## - CATALOGING SOURCE | |
| Original cataloging agency | BD-RjUL |
| Language of cataloging | ben |
| Transcribing agency | BD-RjUL |
| 041 ## - LANGUAGE CODE | |
| Language code of text/sound track or separate title | ben |
| 082 ## - DEWEY DECIMAL CLASSIFICATION NUMBER | |
| Edition number | 23 |
| Classification number | 320 |
| Author mark and year | RAR 1996 |
| 100 1# - MAIN ENTRY--PERSONAL NAME | |
| Personal name | রহমান, মোঃ মকসুদুর |
| 9 (RLIN) | 117128 |
| 245 10 - TITLE STATEMENT | |
| Title | রাষ্ট্রীয় সংগঠনের রূপরেখা = an outline of political organisation / |
| Statement of responsibility, etc. | মোঃ মকসুদুর রহমান |
| 250 ## - EDITION STATEMENT | |
| Edition statement | ২য় সং. |
| 260 ## - PUBLICATION, DISTRIBUTION, ETC. (IMPRINT) | |
| Place of publication, distribution, etc. | রাজশাহী : |
| Name of publisher, distributor, etc. | রাজশাী বিশ্ববিদ্যালয় পাঠ্যপুস্তক প্রকাশনা বোর্ড, |
| Date of publication, distribution, etc. | ১৯৯৬ |
| 300 ## - PHYSICAL DESCRIPTION | |
| Pagination | ৫১৯ পৃ. ; |
| Size | ২২ সেমি. |
| 490 ## - SERIES STATEMENT | |
| Series statement | রা বি (পপজ) প্রকাশনা ; |
| Volume/sequential designation | ৭৮ |
| Series statement | রা বি পাঠ্যপুস্তক প্রকাশনা ; |
| Volume/sequential designation | ২২ |
| 500 ## - GENERAL NOTE | |
| General note | "স্নাতক (সম্মান) ও স্নাতকোত্তর শ্রেণীর জন্য" |
| 504 ## - BIBLIOGRAPHY, ETC. NOTE | |
| Bibliography, etc | গ্রন্থপঞ্জী সংযুক্ত |
| 650 ## - SUBJECT ADDED ENTRY--TOPICAL TERM | |
| Topical term or geographic name as entry element | রাষ্ট্রবিজ্ঞান |
| 9 (RLIN) | 117129 |
| Topical term or geographic name as entry element | Political science |
| 9 (RLIN) | 116590 |
| 830 ## - SERIES ADDED ENTRY--UNIFORM TITLE | |
| Uniform title | রা বি (পপজ) প্রকাশনা ; |
| Volume number/sequential designation | রা বি (পপজ) প্রকাশনা ; |
| Uniform title | রা বি পাঠ্যপুস্তক প্রকাশনা ; |
| Volume number/sequential designation | ২২ |
| 942 ## - ADDED ENTRY ELEMENTS (KOHA) | |
| Source of classification or shelving scheme | Dewey Decimal Classification |
| Koha item type | Books |
| Lost status | Source of classification or shelving scheme | Damaged status | Not for loan | Collection code | Permanent Location | Current Location | Shelving location | Date acquired | Source of acquisition | Cost, normal purchase price | Total Checkouts | Full call number | Date last seen | Date checked out | Copy number | Koha item type | Total Renewals |
|---|---|---|---|---|---|---|---|---|---|---|---|---|---|---|---|---|---|
| Dewey Decimal Classification | Non-fiction | Central Library, University of Rajshahi | Central Library, University of Rajshahi | 10/04/1997 | র. বি. পাঠ্যপুস্তক বোর্ড | 0.00 | 14 | B 320 RAR 1996 | 28/01/2024 | 15/01/2024 | C-3 | Books | |||||
| Dewey Decimal Classification | Non-fiction | Central Library, University of Rajshahi | Central Library, University of Rajshahi | 10/04/1997 | ঢাকা, পাঠ্য পুস্তক বোর্ড | 23 | B 320 RAR 1996 | 11/09/2023 | 28/08/2023 | C-4 | Books | ||||||
| Dewey Decimal Classification | Non-fiction | Central Library, University of Rajshahi | Central Library, University of Rajshahi | 10/08/1997 | ঢাকা, পাঠ্য পুস্তক বোর্ড | 22 | B 320 RAR1996 | 28/02/2024 | 13/02/2024 | C-5 | Books | 1 | |||||
| Dewey Decimal Classification | Non-fiction | Central Library, University of Rajshahi | Central Library, University of Rajshahi | 10/04/1997 | N.A. | 10 | B 320 RAR 1996 | 21/09/2025 | 21/08/2025 | C-2 | Books | ||||||
| Dewey Decimal Classification | Non-fiction | Central Library, University of Rajshahi | Central Library, University of Rajshahi | 10/04/1997 | Is.Pro.Cultural Centre | 5 | B 320 RAR 1996 | 05/04/2022 | 07/03/2022 | C-6 | Books | ||||||
| Dewey Decimal Classification | Non-fiction | Central Library, University of Rajshahi | Central Library, University of Rajshahi | 10/04/1997 | .Pro.Cultural Centre | 10 | B 320 RAR 1996 | 03/04/2022 | 21/03/2022 | C-7 | Books | ||||||
| Dewey Decimal Classification | Not For Loan | Non-fiction | Central Library, University of Rajshahi | Central Library, University of Rajshahi | Reading Room | 05/09/2018 | Author, R.U. | 150.00 | B 320 RAR 1996 | 05/09/2018 | C-1 | Books | |||||
| Dewey Decimal Classification | Non-fiction | Central Library, University of Rajshahi | Central Library, University of Rajshahi | General Stacks | 02/09/2025 | Author | B 320 RAR 1996 | 02/09/2025 | C-8 | Books |